00385nam a2200169Ia 4500008004100000082001700041082001400058100001100072245002200083260003000105260000700135300000700142600001100149630002200160700001100182730002200193151121s9999||||xx |||||||||||||| ||und|| a294ред5/ Ram bHNW-66564 aRamdas 4aThe Pathless Path b"Bharatiya Vidya Bhavan," c-- a42 aRamdas aThe Pathless Path aRamdas aThe Pathless Path